000 00482cam a2200193ua 4500
001 1626
008 110714n ii |||gr||||Z||||||eng
020 _a81-7339-027-4
040 _cMAIN
082 _a330.01
100 _aHuda, Monirul,
_eAuthor.
245 1 _aArthaniti tattva
_cby Monirul Huda
250 _a5th.
260 _aGuahati:
_bBanalata,993.
_aDibrugarh:
300 _axx; 276p:
_bill;
_c23cm.
653 _aEconomics
653 _aPrinciples of economics
942 _cBK
999 _c1513
_d1513